Πιστωτική ανάλυση επιχειρήσεων : η άποψη του υπεύθυνου πιστοδοτήσεων

Αποθηκεύτηκε σε:
Λεπτομέρειες βιβλιογραφικής εγγραφής
Κύριος συγγραφέας: Donaldson, T. H. (Thomas Hay) 1936-
Άλλοι συγγραφείς: Πούρνος, Θανάσης Δ. (Μεταφραστής)
Μορφή: Βιβλίο
Γλώσσα:Greek
Δημοσίευση: Αθήνα : Εμπορική Τράπεζα της Ελλάδος, 1987
Θέματα:
Ετικέτες: Προσθήκη ετικέτας
Δεν υπάρχουν, Καταχωρήστε ετικέτα πρώτοι!

MARC

LEADER 00000nam a2200000 i 4500
001 1/66047
008 960617s1987 gre d
020 |a 0-333-34686-6 
035 |l 10029750 
040 |a GR-MY-UA  |b gre  |e aacr 
041 0 |a gre 
082 0 |a 332.3 
100 1 |a Donaldson, T. H.  |q (Thomas Hay)  |d 1936- 
245 1 0 |a Πιστωτική ανάλυση επιχειρήσεων :  |b η άποψη του υπεύθυνου πιστοδοτήσεων /  |c T.H.Donaldson ; Μετάφραση:Θανάσης Δ.Πούρνος 
260 |a Αθήνα :   |b Εμπορική Τράπεζα της Ελλάδος,   |c 1987 
300 |a 266 σ. 
650 0 0 |a Credit. 
650 0 0 |a Financial institutions. 
650 0 0 |a Banks and banking. 
700 1 |a Πούρνος, Θανάσης Δ.  |4 trl 
852 |a INST  |b CHIOS  |e 19960617  |h 332.3 DON  |p 005200007853  |q 005200007853  |t BK  |y 0 
852 |a INST  |b CHIOS  |e 19960723  |h 332.3 DON  |p 005200008926  |q 005200008926  |t BK  |y 0 
909 |a Χ  |b 022657 
909 |a Χ  |b 022658